000 00842nas a2200277 4500
001 BR0303185
003 BR-BrBNA
005 20231205103903.0
007 ta
008 230509b bl.|||p| |||| 00| 00por d
040 _aBR-BrBNA
_bpor
_cBiblioteca Nacional de Agricultura
041 _a(Pt)
072 _aF02
100 1 _aMomenté, V.G.
100 1 _aBezerra, A.M.E.
100 1 _aInnecco, R.
100 1 _aMedeiros Filho, S.
245 1 _aPropagação vegetativa por estaquia de mentrasto em diferentes substratos
650 _aPLANTA PRODUTORA DE DROGA
650 _aPROPAGAÇÃO VEGETATIVA
650 _aSUBSTRATO DE CULTURA
650 _aENRAIZAMENTO
773 0 _tCiência Agronômica (Brazil)
_xISSN 0045-6888
_g(2002), v. 33(2) p. 13-17
_wBR0303185
909 _a202311
_bLúcia
_c55
_dLúcia Elande
942 _2AGRIS
_n0
_cANA
999 _c175269
_d175269